Deviner persos entre potes - Statistiques

Statistiques générales
  • Ce quiz a été pris 9 fois
  • Le résultat moyen est 14 sur 24
Statistiques - réponses
Par images Réponse % Correct
Bob Mireillard
80%
Comium I
80%
Docteur
80%
Francis
80%
Pablo
80%
Tktjegère
80%
Uranihomme
80%
Walter Romanng
80%
Wiss Roukout
80%
Gomez
60%
Gygias
60%
Hella
60%
Konado
60%
MICHEL SARDOU
60%
Tantale
60%
Tiberge
60%
Apollo Justice
40%
Hubert Dial
40%
Kale Bennett
40%
Mamad Doubaled III
40%
Adonis
20%
Malcolm
20%
Urika
20%
Yumioka
20%
Aucun quiz correspondant
Distribution des résultats
% des personnes avec chaque résultat
Percentile par nombre de réponses
Votre historique - résultats
Vous n’avez pas pris ce quiz